[Event "Seville op 44th"]
[Site "Seville"]
[Date "2019.01.11"]
[Round "1"]
[White "Arias Castanedo, Jacinto"]
[Black "Ibarra Jerez, Jose Carlos"]
[Result "0-1"]
[WhiteElo "1792"]
[BlackElo "2558"]
[PlyCount "42"]
[EventDate "2019.01.11"]
[EventType "swiss"]
[EventRounds "9"]
[EventCountry "ESP"]
[SourceTitle "CBM 188 Extra"]
[Source "ChessBase"]
[SourceDate "2019.02.26"]
[SourceVersion "1"]
[SourceVersionDate "2019.02.26"]
[SourceQuality "1"]

1. Nf3 Nf6 2. b3 d6 3. Bb2 e5 4. e3 g6 5. c4 Bg7 6. Be2 0-0 7. 0-0 c5 8. d4 cxd4 9. exd4 e4 10. Ne1 d5 11. f3 Nc6 12. fxe4 Nxe4 13. Bf3 Re8 14. c5 Nxc5 15. Na3 Bf5 16. Nac2 Ne6 17. Qd2 Ng5 18. Rd1 Rc8 19. Ne3 Bh6 20. Kh1 Nxf3 21. Rxf3 Bg4 0-1

[Event "Sitges Sunway op-A 5th"]
[Site "Sitges"]
[Date "2018.12.20"]
[Round "7"]
[White "Arias Castanedo, Jacinto"]
[Black "Sosa Suarez, Carla Cristina"]
[Result "0-1"]
[WhiteElo "1811"]
[BlackElo "1939"]
[PlyCount "102"]
[EventDate "2018.12.14"]
[EventType "swiss"]
[EventRounds "10"]
[EventCountry "ESP"]
[SourceTitle "CBM 187 Extra"]
[Source "ChessBase"]
[SourceDate "2018.11.04"]
[SourceVersion "1"]
[SourceVersionDate "2018.11.04"]
[SourceQuality "1"]

1. d4 e6 2. Nf3 d5 3. e3 Nf6 4. Bd3 Nbd7 5. Nbd2 c5 6. c3 Bd6 7. 0-0 0-0 8. e4 dxe4 9. Nxe4 Nxe4 10. Bxe4 h6 11. Re1 Nf6 12. Bc2 Qc7 13. h3 b6 14. Qe2 Bb7 15. dxc5 Bxc5 16. Be3 a5 17. Bxc5 Qxc5 18. Ne5 Qd5 19. f3 Rad8 20. Bb3 Qc5+ 21. Qf2 Qxf2+ 22. Kxf2 Rd2+ 23. Re2 Rfd8 24. Rae1 Ba6 25. Nc4 Rxe2+ 26. Rxe2 a4 27. Rd2 Rxd2+ 28. Nxd2 axb3 29. Nxb3 Nd5 30. g3 Bc4 31. Nc1 Ba6 32. Nb3 Kf8 33. Nd2 Ke7 34. a3 f5 35. c4 Nf6 36. Ke3 e5 37. b3 g6 38. b4 Kd6 39. a4 Nh5 40. Kf2 Nf6 41. Ke3 Ne8 42. Kd3 Nc7 43. Kc3 Bb7 44. Nb3 Bxf3 45. c5+ bxc5 46. Nxc5 Nd5+ 47. Kb3 Nc7 48. Nd3 e4 49. Ne1 Bd1+ 50. Ka3 g5 51. Ng2 Nd5 0-1

[Event "World Amateur-ch U2000"]
[Site "Cagliari"]
[Date "2018.04.26"]
[Round "6"]
[White "Arias Castanedo, Jacinto"]
[Black "Alem, Ali Hussien"]
[Result "1-0"]
[WhiteElo "1858"]
[BlackElo "1745"]
[PlyCount "113"]
[EventDate "2018.04.22"]
[EventType "swiss"]
[EventRounds "9"]
[EventCountry "ITA"]
[SourceTitle "CBM 184 Extra"]
[Source "ChessBase"]
[SourceDate "2018.06.28"]
[SourceVersion "1"]
[SourceVersionDate "2018.06.28"]
[SourceQuality "1"]

1. d4 Nf6 2. Nf3 g6 3. g3 Bg7 4. Bg2 0-0 5. 0-0 d6 6. c4 Nbd7 7. Nc3 Re8 8. e4 e5 9. d5 Nc5 10. Qc2 a5 11. b3 Nh5 12. Be3 b6 13. a3 f5 14. b4 axb4 15. axb4 Rxa1 16. Rxa1 Nxe4 17. Nxe4 fxe4 18. Nd2 Nf4 19. Bf1 Nh3+ 20. Kg2 Bf5 21. Ra7 Qb8 22. Qa4 Rf8 23. Qa6 Bc8 24. Qa3 Bf5 25. c5 bxc5 26. bxc5 Bg4 27. Bc4 Qc8 28. Qa5 Qf5 29. Qxc7 Rf7 30. Qxf7+ Qxf7 31. Rxf7 Kxf7 32. c6 Bc8 33. Nxe4 Ke7 34. Bc1 Bf5 35. f3 h6 36. Ba6 Kd8 37. Nxd6 Ng5 38. Bd2 Bh3+ 39. Kf2 Kc7 40. Ne8+ Kb6 41. Bb7 Bh8 42. Be3+ Ka5 43. c7 e4 44. g4 Be5 45. c8Q Nxf3 46. Qc5+ Ka4 47. Bc6+ Kb3 48. Qb6+ Kc3 49. Qa5+ Kc4 50. Qc5+ Kb3 51. Qb5+ Kc3 52. Qa5+ Kb3 53. Qa4+ Kc3 54. Qxe4 h5 55. Qxf3 Bxg4 56. Bd2+ Kxd2 57. Qe3+ 1-0

[Event "World Amateur-ch U2000"]
[Site "Cagliari"]
[Date "2018.04.24"]
[Round "4"]
[White "Arias Castanedo, Jacinto"]
[Black "Garau, Francesca"]
[Result "1-0"]
[WhiteElo "1858"]
[BlackElo "1689"]
[PlyCount "89"]
[EventDate "2018.04.22"]
[EventType "swiss"]
[EventRounds "9"]
[EventCountry "ITA"]
[SourceTitle "CBM 184 Extra"]
[Source "ChessBase"]
[SourceDate "2018.06.28"]
[SourceVersion "1"]
[SourceVersionDate "2018.06.28"]
[SourceQuality "1"]

1. d4 Nf6 2. Nf3 g6 3. c4 c5 4. Nc3 Bg7 5. d5 b5 6. Nxb5 d6 7. e3 Nbd7 8. Bd3 0-0 9. 0-0 Ng4 10. Be2 Nge5 11. Nd2 Nb6 12. f4 Ned7 13. Qc2 Ba6 14. a4 Nc8 15. Nb3 Rb8 16. Bd2 Bb7 17. Ba5 Ndb6 18. Bd2 a6 19. Nc3 Ba8 20. a5 Nd7 21. Bg4 Qc7 22. e4 Qb7 23. Ra3 Rd8 24. Re1 Bd4+ 25. Kh1 Bf2 26. Re2 Bd4 27. Nd1 Bg7 28. Nf2 Nf8 29. Bf3 Qc7 30. Nd3 Nd7 31. Bc3 Na7 32. Bxg7 Kxg7 33. Qc3+ Kg8 34. Nd2 Rb7 35. e5 Nf8 36. Ne4 Nd7 37. e6 Nf8 38. exf7+ Kxf7 39. Qh8 Ke8 40. Bg4 Qb8 41. Ng5 Rb3 42. Nxh7 Kf7 43. Ng5+ Ke8 44. Qg7 Rb7 45. Qf7# 1-0

[Event "World Amateur-ch U2000"]
[Site "Cagliari"]
[Date "2018.04.23"]
[Round "2"]
[White "Arias Castanedo, Jacinto"]
[Black "Deruda, Leonardo"]
[Result "0-1"]
[WhiteElo "1858"]
[BlackElo "1758"]
[PlyCount "64"]
[EventDate "2018.04.22"]
[EventType "swiss"]
[EventRounds "9"]
[EventCountry "ITA"]
[SourceTitle "CBM 184 Extra"]
[Source "ChessBase"]
[SourceDate "2018.06.28"]
[SourceVersion "1"]
[SourceVersionDate "2018.06.28"]
[SourceQuality "1"]

1. d4 Nf6 2. Nf3 g6 3. c4 d6 4. g3 c5 5. d5 Bg7 6. Bg2 0-0 7. 0-0 b5 8. cxb5 a6 9. bxa6 Bxa6 10. Nc3 Nbd7 11. h3 Nb6 12. Re1 Nfd7 13. e4 Nc4 14. Qc2 Qa5 15. Rd1 Rfb8 16. a3 Nxb2 17. Bxb2 Rxb2 18. Qxb2 Bxc3 19. Qc2 Bxa1 20. Rxa1 Rb8 21. Bf1 Bxf1 22. Kxf1 Rb5 23. Ke2 Qb6 24. Ra2 Qb7 25. Qd2 Qa6 26. Qd3 Qa4 27. Qc2 Qa6 28. Qd3 Qa4 29. Qc2 Qa6 30. Qd3 Qb7 31. Qc4 Rb3 32. Qc2 Qb5+ 0-1

[Event "Wch Seniors 50 26th"]
[Site "Marianske Lazne"]
[Date "2016.11.30"]
[Round "11"]
[White "Prueske, Wolfgang"]
[Black "Arias Castanedo, Jacinto"]
[Result "0-1"]
[WhiteElo "2093"]
[BlackElo "1857"]
[PlyCount "124"]
[EventDate "2016.11.19"]
[EventType "swiss"]
[EventRounds "11"]
[EventCountry "CZE"]
[SourceTitle "CBM 175 Extra"]
[Source "ChessBase"]
[SourceDate "2016.12.12"]
[SourceVersion "1"]
[SourceVersionDate "2016.12.12"]
[SourceQuality "1"]

1. e4 c6 2. d4 d5 3. Nc3 dxe4 4. Nxe4 Bf5 5. Ng3 Bg6 6. h4 h6 7. Nf3 Nd7 8. h5 Bh7 9. Bd3 Bxd3 10. Qxd3 e6 11. Bd2 Ngf6 12. 0-0-0 Qc7 13. Ne4 Nxe4 14. Qxe4 Nf6 15. Qe2 0-0-0 16. g3 Kb8 17. Kb1 Be7 18. c4 c5 19. Bf4 Bd6 20. Ne5 Rhf8 21. dxc5 Qxc5 22. Rhe1 Bxe5 23. Bxe5+ Ka8 24. f4 a6 25. g4 Qc6 26. g5 hxg5 27. fxg5 Rxd1+ 28. Qxd1 Ne4 29. Bxg7 Rg8 30. h6 Nxg5 31. Qc2 f5 32. Qe2 Qe8 33. Bf6 Nh7 34. Qxe6 Nxf6 35. Qxe8+ Nxe8 36. Re5 Rh8 37. Rxf5 Rxh6 38. Rf8 Re6 39. a3 Ka7 40. Ka2 Re3 41. Rf4 Nd6 42. Rd4 Ne4 43. Rd5 Kb6 44. Rh5 Nd2 45. c5+ Kc6 46. Rh2 Nb3 47. Rc2 a5 48. Rc4 Kb5 49. Rh4 Kxc5 50. Rh5+ Kb6 51. Rh6+ Ka7 52. Rh5 Ka6 53. Rh6+ b6 54. Rh5 a4 55. Rh4 Ka5 56. Rh5+ b5 57. Rh6 Re2 58. Rh1 Nd2 59. Ka1 Nc4 60. Rb1 Re3 61. Ka2 Rb3 62. Ka1 Nxa3 0-1

[Event "Wch Seniors 50 26th"]
[Site "Marianske Lazne"]
[Date "2016.11.29"]
[Round "10"]
[White "Arias Castanedo, Jacinto"]
[Black "Agusto, Obafunmilayo"]
[Result "0-1"]
[WhiteElo "1857"]
[BlackElo "2144"]
[PlyCount "72"]
[EventDate "2016.11.19"]
[EventType "swiss"]
[EventRounds "11"]
[EventCountry "CZE"]
[SourceTitle "CBM 175 Extra"]
[Source "ChessBase"]
[SourceDate "2016.12.12"]
[SourceVersion "1"]
[SourceVersionDate "2016.12.12"]
[SourceQuality "1"]

1. Nf3 Nf6 2. b3 g6 3. Bb2 Bg7 4. e3 0-0 5. Be2 d6 6. d4 Nbd7 7. h3 c5 8. 0-0 b6 9. c4 cxd4 10. exd4 d5 11. Re1 Bb7 12. Nbd2 e6 13. Ne5 Nxe5 14. dxe5 Nd7 15. Bf3 Qg5 16. Qe2 Nxe5 17. Bxe5 Bxe5 18. Qxe5 Qxd2 19. Red1 Qb4 20. cxd5 exd5 21. Bxd5 Rae8 22. Qd4 Re1+ 23. Kh2 Qxd4 24. Rxd4 Rxa1 25. Bxb7 Rxa2 26. Kg3 Re8 27. Rd3 Re7 28. Ba8 Kg7 29. f4 Rae2 30. Kf3 Rc2 31. Kg4 f5+ 32. Kf3 Rec7 33. Ke3 R2c3 34. Kd4 Rxd3+ 35. Kxd3 a5 36. Bf3 b5 0-1

[Event "Wch Seniors 50 26th"]
[Site "Marianske Lazne"]
[Date "2016.11.19"]
[Round "1"]
[White "Smolin, Sergey"]
[Black "Arias Castanedo, Jacinto"]
[Result "1-0"]
[WhiteElo "2224"]
[BlackElo "1857"]
[PlyCount "65"]
[EventDate "2016.11.19"]
[EventType "swiss"]
[EventRounds "11"]
[EventCountry "CZE"]
[SourceTitle "CBM 175 Extra"]
[Source "ChessBase"]
[SourceDate "2016.12.12"]
[SourceVersion "1"]
[SourceVersionDate "2016.12.12"]
[SourceQuality "1"]

1. e4 c6 2. d4 d5 3. e5 Bf5 4. Bd3 Bxd3 5. Qxd3 e6 6. Ne2 Nd7 7. 0-0 c5 8. c3 Qb6 9. f4 Ne7 10. Nd2 g6 11. Nf3 Nc6 12. Be3 c4 13. Qd2 Be7 14. g4 Qc7 15. f5 gxf5 16. gxf5 exf5 17. Qc2 Nd8 18. Nf4 Qc6 19. Qxf5 Nf8 20. Kh1 Ng6 21. Nh5 0-0 22. Bh6 Ne6 23. Bxf8 Rxf8 24. Rg1 Kh8 25. Raf1 Qa6 26. a3 Qb6 27. Rg2 a6 28. Rfg1 Qc6 29. Nf6 Ng7 30. Qg5 Bxf6 31. exf6 Ne8 32. Qh6 Qxf6 33. Qxf8+ 1-0

[Event "EU-ch Seniors 50 16th"]
[Site "Yerevan"]
[Date "2016.06.11"]
[Round "7"]
[White "Volobuev, Sergey"]
[Black "Arias Castanedo, Jacinto"]
[Result "0-1"]
[WhiteElo "1763"]
[BlackElo "1904"]
[PlyCount "118"]
[EventDate "2016.06.05"]
[EventType "swiss"]
[EventRounds "9"]
[EventCountry "ARM"]
[SourceTitle "CBM 172 Extra"]
[Source "ChessBase"]
[SourceDate "2016.06.21"]
[SourceVersion "1"]
[SourceVersionDate "2016.06.21"]
[SourceQuality "1"]

1. e4 c5 2. c3 d5 3. exd5 Qxd5 4. d4 Nf6 5. Nf3 e6 6. Be2 Nc6 7. 0-0 Be7 8. c4 Qd8 9. dxc5 0-0 10. Nc3 Bxc5 11. Bg5 h6 12. Qxd8 Rxd8 13. Bxf6 gxf6 14. Rad1 Bd7 15. Ne4 Be7 16. Nd6 Be8 17. c5 Bxd6 18. Rxd6 Rxd6 19. cxd6 Rd8 20. Rd1 Nb4 21. Bc4 Bc6 22. a3 Bd5 23. Bxd5 Nxd5 24. g3 Rxd6 25. Rc1 Rb6 26. Rc2 Kg7 27. Ne1 Kg6 28. Kg2 Rb3 29. Nf3 Rd3 30. Rc4 Rd1 31. Nh4+ Kg7 32. Nf3 Rb1 33. Rc2 a6 34. Nd2 Rd1 35. Ne4 b6 36. h4 Kg6 37. Nc3 Nxc3 38. Rxc3 Rd2 39. Rb3 b5 40. Rb4 h5 41. a4 Rd5 42. a5 f5 43. Rb3 Kf6 44. Rc3 b4 45. Rc4 Rb5 46. b3 Ke5 47. Rc6 Rxa5 48. Rb6 Rb5 49. Rxa6 Kd4 50. Ra8 Kc3 51. Rh8 Kxb3 52. Rxh5 Kc4 53. Rh8 b3 54. Rc8+ Kb4 55. Rc1 b2 56. Rb1 Kb3 57. h5 Rb8 58. Kf3 Kc2 59. Kf4 f6 0-1

[Event "Benidorm op U2300 13th"]
[Site "Benidorm"]
[Date "2014.12.03"]
[Round "6"]
[White "Renteria Becerra, Jorge Elicer"]
[Black "Arias Castanedo, Jacinto"]
[Result "1-0"]
[WhiteElo "2253"]
[BlackElo "1851"]
[PlyCount "41"]
[EventDate "2014.11.28"]
[EventType "swiss"]
[EventRounds "10"]
[EventCountry "ESP"]
[SourceTitle "CBM 163 Extra"]
[Source "ChessBase"]
[SourceDate "2014.12.23"]
[SourceVersion "1"]
[SourceVersionDate "2014.12.23"]
[SourceQuality "1"]

1. e4 c6 2. d4 d5 3. e5 Bf5 4. h4 h5 5. Bg5 g6 6. Bd3 Bxd3 7. Qxd3 Bh6 8. e6 Bxg5 9. exf7+ Kxf7 10. hxg5 Kg7 11. Nf3 Qd6 12. Nbd2 Nd7 13. 0-0-0 e5 14. dxe5 Nxe5 15. Qc3 d4 16. Nxd4 Kh7 17. N2f3 Nxf3 18. Nxf3 Qc7 19. Ne5 Rd8 20. Rxd8 Qxd8 21. Nf7 1-0

[Event "Calvia Amateur op 11th"]
[Site "Calvia"]
[Date "2014.10.06"]
[Round "3"]
[White "Hoenick, Andreas"]
[Black "Arias Castanedo, Jacinto"]
[Result "1-0"]
[WhiteElo "2141"]
[BlackElo "1863"]
[PlyCount "47"]
[EventDate "2014.10.04"]
[EventType "swiss"]
[EventRounds "9"]
[EventCountry "ESP"]
[SourceTitle "EXT 2015"]
[Source "ChessBase"]
[SourceDate "2014.11.20"]
[SourceVersion "1"]
[SourceVersionDate "2014.11.20"]
[SourceQuality "1"]

1. d4 d5 2. c4 e6 3. Nf3 Be7 4. g3 Nf6 5. Bg2 0-0 6. 0-0 Nbd7 7. Qc2 a6 8. Nbd2 b6 9. Ne5 Bb7 10. cxd5 Nxd5 11. Nc6 Bxc6 12. Qxc6 N7f6 13. a3 Qd7 14. Qc2 b5 15. Nf3 Rfc8 16. Ne5 Qe8 17. Nc6 Nd7 18. e4 N5b6 19. b3 Nb8 20. Nxe7+ Qxe7 21. Be3 N8d7 22. Rfc1 c6 23. a4 bxa4 24. Rxa4 1-0

[Event "Budapest FS02 FM-A2"]
[Site "Budapest"]
[Date "2012.02.07"]
[Round "4"]
[White "Juracsik, Jozsef"]
[Black "Arias Castanedo, Jacinto"]
[Result "1-0"]
[WhiteElo "2155"]
[BlackElo "1940"]
[PlyCount "63"]
[EventDate "2012.02.04"]
[EventType "tourn"]
[EventRounds "9"]
[EventCountry "HUN"]
[SourceTitle "CBM 146 Extra"]
[Source "ChessBase"]
[SourceDate "2012.02.29"]
[SourceVersion "1"]
[SourceVersionDate "2012.02.29"]
[SourceQuality "1"]

1. e4 c6 2. d4 d5 3. e5 Bf5 4. g4 Bd7 5. Be2 e6 6. h4 c5 7. c3 Nc6 8. h5 h6 9. f4 cxd4 10. cxd4 Qb6 11. Nf3 Nge7 12. Nc3 Na5 13. 0-0 Rc8 14. Na4 Bxa4 15. Qxa4+ Kd8 16. Bd2 Nc4 17. Be1 Nc6 18. Bxc4 dxc4 19. Bf2 Qb4 20. Qc2 Be7 21. Nd2 b5 22. a4 a6 23. axb5 axb5 24. Ne4 Qb3 25. Qxb3 cxb3 26. d5 exd5 27. Nc3 Kd7 28. Nxd5 Ke6 29. Rad1 Rhd8 30. f5+ Kxe5 31. Bg3+ Ke4 32. Rf4+ 1-0

[Event "Hastings Masters op 87th"]
[Site "Hastings"]
[Date "2012.01.03"]
[Round "7"]
[White "Canonne, Antoine"]
[Black "Arias Castanedo, Jacinto"]
[Result "1/2-1/2"]
[WhiteElo "2023"]
[BlackElo "1941"]
[PlyCount "71"]
[EventDate "2011.12.28"]
[EventType "swiss"]
[EventRounds "9"]
[EventCountry "ENG"]
[SourceTitle "CBM 146 Extra"]
[Source "ChessBase"]
[SourceDate "2012.02.29"]
[SourceVersion "1"]
[SourceVersionDate "2012.02.29"]
[SourceQuality "1"]

1. e4 c6 2. d4 d5 3. Nc3 dxe4 4. Nxe4 Bf5 5. Ng3 Bg6 6. h4 h6 7. Bc4 e6 8. N1e2 Nf6 9. Nf4 Bh7 10. Qe2 Nd5 11. Nxd5 cxd5 12. Bd3 Bxd3 13. Qxd3 Qb6 14. 0-0 Nc6 15. c3 0-0-0 16. b4 Bd6 17. a4 a5 18. b5 Ne7 19. Ba3 Kb8 20. Bxd6+ Rxd6 21. Qf3 f5 22. h5 Ng8 23. Qf4 Nf6 24. Rfe1 Ka8 25. f3 Rc8 26. Ra3 Rc4 27. Qe3 Qc7 28. Kf2 Rb6 29. Qe5 Rxc3 30. Rxc3 Qxc3 31. Ne2 Qb4 32. Nf4 Nd7 33. Qxg7 e5 34. Qg8+ Ka7 35. dxe5 Qd4+ 36. Kg3 1/2-1/2

[Event "Collado Villalba op-A 26th"]
[Site "Collado Villalba"]
[Date "2009.08.28"]
[Round "8"]
[White "Arias Castanedo, Jacinto"]
[Black "Laynez Aspenberg, Jose Miguel"]
[Result "1/2-1/2"]
[WhiteElo "2023"]
[BlackElo "1932"]
[PlyCount "80"]
[EventDate "2009.08.21"]
[EventType "swiss"]
[EventRounds "9"]
[EventCountry "ESP"]
[SourceTitle "CBM 132 Extra"]
[Source "ChessBase"]
[SourceDate "2009.11.03"]
[SourceVersion "1"]
[SourceVersionDate "2009.11.03"]
[SourceQuality "1"]

1. d4 Nf6 2. Nf3 c5 3. e3 g6 4. c4 Bg7 5. Nc3 0-0 6. Be2 cxd4 7. exd4 d5 8. 0-0 Nc6 9. Re1 dxc4 10. Bxc4 Bf5 11. a3 e6 12. h3 h5 13. Bf4 Nd5 14. Bg3 Nb6 15. d5 Nxc4 16. dxc6 Qxd1 17. Nxd1 bxc6 18. Rc1 Nxb2 19. Rxc6 Nxd1 20. Rxd1 Be4 21. Ra6 Bd5 22. Rc1 Bxf3 23. gxf3 Bd4 24. Rc4 Bb6 25. Bd6 Rfc8 26. Raa4 Kg7 27. Kg2 Rxc4 28. Rxc4 Rd8 29. Rc6 Rd7 30. f4 Bd4 31. Kf3 Kf6 32. Ke2 Rb7 33. Rc4 Ba1 34. Rc1 Bd4 35. Rc4 Bb2 36. Rc2 Rb3 37. a4 e5 38. Kf1 exf4 39. Bxf4 Be5 40. Be3 a5 1/2-1/2

[Event "Collado Villalba op-A 26th"]
[Site "Collado Villalba"]
[Date "2009.08.27"]
[Round "7"]
[White "Ramirez Garcia, Jorge Alberto"]
[Black "Arias Castanedo, Jacinto"]
[Result "1-0"]
[WhiteElo "2203"]
[BlackElo "2023"]
[PlyCount "149"]
[EventDate "2009.08.21"]
[EventType "swiss"]
[EventRounds "9"]
[EventCountry "ESP"]
[SourceTitle "CBM 132 Extra"]
[Source "ChessBase"]
[SourceDate "2009.11.03"]
[SourceVersion "1"]
[SourceVersionDate "2009.11.03"]
[SourceQuality "1"]

1. e4 c6 2. d4 d5 3. Nd2 dxe4 4. Nxe4 Nd7 5. Ng5 e6 6. Bd3 Be7 7. h4 Ngf6 8. N1f3 h6 9. Nh3 Qc7 10. Bf4 Bd6 11. Qd2 b6 12. 0-0-0 Bb7 13. Bxd6 Qxd6 14. Rhe1 0-0-0 15. Ne5 Rhf8 16. g4 c5 17. dxc5 Qxc5 18. Nxd7 Rxd7 19. g5 hxg5 20. hxg5 Nd5 21. a3 Ne7 22. Qf4 Rd4 23. Qg3 g6 24. Kb1 Rfd8 25. Rc1 Qc7 26. Qe3 Kb8 27. f3 Qg3 28. Nf2 Qxf3 29. Qe5+ Ka8 30. Rf1 Qf4 31. Qg7 Nf5 32. Qxf7 Ne3 33. Nh3 Qg3 34. Rf4 R4d6 35. Qh7 Nf5 36. Rc4 R6d7 37. Qxg6 Ne3 38. Qxe6 Nxc4 39. Bxc4 Rd6 40. Qf5 Bc8 41. Qe4+ Bb7 42. Qh7 Bg2 43. Ng1 Qe3 44. Ne2 Be4 45. Qh4 Bf3 46. Qh3 Qf2 47. Nc3 Bg2 48. Qh2 Qf3 49. Be2 Qc6 50. Bb5 Qb7 51. Qg3 a6 52. Bxa6 Qxa6 53. Qxg2+ Qb7 54. Qg3 Rg6 55. Rg1 Rdg8 56. Qe5 Qc6 57. Rg4 Re8 58. Qd4 Re1+ 59. Ka2 Qe6+ 60. b3 Qc6 61. Kb2 Re8 62. Qd3 Rd6 63. Qa6+ Kb8 64. Rc4 Qb7 65. Qb5 Red8 66. Qe5 Ka8 67. Ra4+ Kb8 68. Nb5 Qd5 69. Ra8+ Kb7 70. Nxd6+ Rxd6 71. Qe8 Qd4+ 72. Ka2 Qc5 73. Rb8+ Ka6 74. Qa4+ Qa5 75. Qc4+ 1-0

[Event "Collado Villalba op-A 26th"]
[Site "Collado Villalba"]
[Date "2009.08.23"]
[Round "3"]
[White "Gomez Peco, Pablo"]
[Black "Arias Castanedo, Jacinto"]
[Result "1-0"]
[WhiteElo "2222"]
[BlackElo "2023"]
[PlyCount "55"]
[EventDate "2009.08.21"]
[EventType "swiss"]
[EventRounds "9"]
[EventCountry "ESP"]
[SourceTitle "CBM 132 Extra"]
[Source "ChessBase"]
[SourceDate "2009.11.03"]
[SourceVersion "1"]
[SourceVersionDate "2009.11.03"]
[SourceQuality "1"]

1. d4 d5 2. c4 c6 3. cxd5 cxd5 4. Nc3 Nc6 5. Nf3 Nf6 6. Bf4 a6 7. Rc1 e6 8. e3 Bd6 9. Bg3 0-0 10. Be2 Qc7 11. 0-0 Qb8 12. Na4 Ne4 13. Bxd6 Qxd6 14. a3 Rb8 15. b4 Bd7 16. Nc5 Rfc8 17. Bd3 f5 18. Qe2 a5 19. b5 Nd8 20. Bxe4 fxe4 21. Ne5 Be8 22. b6 Nc6 23. f4 Nxe5 24. fxe5 Qe7 25. Qg4 Bd7 26. Rf2 Rf8 27. Rxf8+ Kxf8 28. Nxd7+ 1-0